000 00512nam a2200193Ia 4500
003 GCL
005 20240530103856.0
008 140319s9999 xx 000 0 ara d
040 _aGCL /
_cGCL
082 0 4 _a320.1
_bو هـ
100 1 _aبوب وودوارد ، بوب
245 1 0 _aالهدف الشرق الاوسط /
_cبوب وودوارد
300 _a174
490 _aكتاب
_v0
650 0 4 _aالارهاب
650 0 4 _aالشرق الاوسط
650 0 4 _aالسياسة
942 _2ddc
_cBK
999 _c43146
_d43146